000 00187nam a22000977a 4500
003 SGT
245 _aJOURNAL OF CLINICAL MICROBIOLOGY
260 _c2014
300 _a1312
942 _2ddc
_cBV
999 _c20779
_d20779